| 000 | 01339nam a2200301 c 4500 | ||
|---|---|---|---|
| 999 |
_c344826 _d344826 |
||
| 003 | BLK | ||
| 005 | 20210923111609.0 | ||
| 008 | 180911b bul|||||r ||||||| ||bul|| | ||
| 010 | _a004492 | ||
| 040 | _aBLK | ||
| 041 |
_aFRE _cBUL |
||
| 080 | _z949.7 | ||
| 100 |
_aStrupp, Karl _eпърви автор _9397313 |
||
| 139 | _aStrupp, Karl | ||
| 245 | 0 | 0 |
_aLa situation juridique des macedoniens en Yougoslavie _cKarl Strupp |
| 260 |
_aParis _bLes presses universitaires de France _c1929 |
||
| 300 |
_a140 с. : с к., 1 л _bтабл. _c23 см |
||
| 380 | _a9 | ||
| 490 |
_aЧастна колекция - Академик Михаил Арнаудов _gДарение - Основен фонд |
||
| 500 | _aАвтограф с текст: На Господин Проф. М. Арнаудов, от Макед. Нац. Комитет | ||
| 520 | _aМихаил Арнаудов: на други лица-лист-ръкописнегови-изрезка | ||
| 520 | _aПисмо на Македонския национален комитет, 20.I.1930 г., придружаващо книгатаСтатия по темата на книгата : в. Македония, 24.I.1930 г. | ||
| 650 |
_aБалкански страни _9397314 |
||
| 650 |
_aБалкански страни _9397314 |
||
| 655 |
_aистория _9465018 |
||
| 700 | 1 |
_aKarl Strupp _9397315 |
|
| 852 |
_aМА 657 _bМА |
||
| 852 | _aЦб 9.230.10754 | ||
| 942 |
_cKNG _n0 _s1 |
||
| 944 |
_aCR _c1995 _kValK |
||
| 999 | _d344826 | ||
| 999 | _d344826 | ||
| 999 | _d344826 | ||